1095 1765 1334 1203 1330 1476 1131 1166 1188 1151 1935 1500 1647 1092 1782 1650 1192 1184 1181 1565 1338 1692 1653 1717 1039 1339 1087 1646 1849 1647 1304 1507 1712 1023 1078 1404 1630 1886 1954 1122 1471 1967 1302 1293 1350 1782 1236 1151 1980 1841 1764 1475 1339 1676 1964 1285 1260 1994 1865 1714 1226 1870 1784 1409 1196 1822 1493 1353 1657 1125 1827 1055 1663 1651 1336 1744 1859 1024 1635 1405 1683 1791 1523 1009 1172 1802 1545 1087 1907 1736 1102 1805 1092 1604 1262 1558 1236 1122 1492 BCNSPRNW ULIB Ver.6.0+V

เปลี่ยนเป็นภาษาไทย

Change to English
 แสดงรายละเอียดบรรณานุกรม
  กลับหน้าหลัก

Brief Record : Get Marc (ISO 2709) : E-mail record : QR code < ปิดหน้าต่าง
LEADER : 00000nam 2200000uu 4500
001    13399112495
003     ULIB
008    110819s2550||||th 000 0 tha d
020    9789747477009
060 04 QV55^bส759ร 2550
100 0  สุชาดา โตพึ่งพงศ์
245 10 รู้โรครู้ยาและการรักษาด้วยตัวเอง /^cสุชาดา โตพึ่งพงศ์ ;[ประภาส เที่ยงธรรม, บรรณาธิการ]
250    พิมพ์ครั้งที่ 1
260    กรุงเทพฯ :^bเรือนปัญญา,^c2550
300    210 หน้า ;^c22 ซม.
650  7 การใช้ยา
650  7 การใช้ยา^vคู่มือ
650  7 ยา^vคู่มือ
700 0  ประภาส เที่ยงธรรม,^eบรรณาธิการ
945    ^p165^l0^i24841
995    กัณชพร
999    ^aใช้งานได้ทุกระบบ
รายการนี้ยังไม่มีแท็ก
คุณยังไม่ได้ล็อกอิน คุณสามารถมีกิจกรรมร่วมกับเว็บไซต์ได้ แต่ต้องล็อกอินก่อน ::
  ล็อกอิน

รายการสื่อสารสนเทศ

ลำดับที่ ประเภท เลขเรียก/บาร์โค้ด สถานที่ สถานะ
- ไม่พบข้อมูล -

รายการใกล้เคียง
    หัวเรื่อง [การใช้ยา]

BibComment


ยังไม่เคยถูกคอมเมนท์

คอมเมนท์ทรัพยากรรายการนี้
  คอมเมนท์: รู้โรครู้ยาและการ..


 Copyright 2026. Bcnsprnw @Library